| 000 | 00658cab a22001815a 4500 | ||
|---|---|---|---|
| 001 | L154345 | ||
| 008 | 111114s20111111xxka f 000 0 eng d | ||
| 035 | _a(Sirsi) u154345 | ||
| 041 | 0 | _aeng | |
| 100 | _aHughes-D'Aeth, John | ||
| 245 | 0 | 0 | _aCover up |
| 260 | _c2011 | ||
| 490 |
_aBuilding _v276 (8703) 11 November 2011, 48(1) |
||
| 520 | _aGuidance on insurance for a major construction project, what to insure against, and what is not covered by a policy. | ||
| 651 | 4 |
_aUnited Kingdom _y |
|
| 690 | _aMANAGEMENT-DISPUTE AVOIDANCE, MANAGEMENT AND RESOLUTION-DISPUTE MANAGEMENT AND RESOLUTION-ALTERNATIVE DISPUTE RESOLUTION-ADJUDICATION | ||
| 942 | _n0 | ||
| 999 |
_c83588 _d83588 |
||